| 000 | 00578nas a2200229 i 4500 | ||
|---|---|---|---|
| 001 | 2647 | ||
| 003 | ES-MaACL | ||
| 005 | 20250709062527.0 | ||
| 007 | t| | ||
| 008 | 950801q19009999sp | | 1 ||at d | ||
| 080 | _a460 | ||
| 245 | 0 | 0 | _aAlmanac de la poesía. |
| 260 |
_aBarcelona : _bImp. Altés, _c[19--] |
||
| 300 |
_a1 v. ; _c15 cm. |
||
| 310 | _aAnual | ||
| 362 | 0 | _a[19--] | |
| 500 | _aEn portada: "Obsequi de la Impremta Altés als seus clients i amics" | ||
| 852 |
_aES-MaACL _j1784-F-12 |
||
| 866 | 1 | _o1933. | |
| 942 |
_2udc _cPERIODICA |
||
| 999 |
_c2647 _d2647 |
||